500 Most Popular Boys Names in the US (2023) - Alphabetical - Statistics

General Stats
  • This quiz has been taken 1,636 times
  • The average score is 154 of 500
Answer Stats
Answer % Correct
26 J John
91%
14 J Jack
85%
310 A Andre
84%
4 J James
83%
202 A Alex
82%
27 D David
81%
16 M Michael
81%
17 D Daniel
80%
10 W William
80%
256 P Paul
78%
68 A Aaron
77%
41 T Thomas
77%
136 G George
76%
93 J Jose
76%
3 O Oliver
76%
210 P Peter
76%
102 A Adam
75%
65 A Andrew
75%
22 A Alexander
74%
251 M Mark
74%
89 R Robert
74%
11 B Benjamin
73%
55 C Christopher
73%
32 M Matthew
72%
54 C Charles
71%
8 H Henry
71%
363 S Stephen
71%
250 S Steven
71%
468 F Frank
69%
29 J Joseph
69%
46 A Anthony
68%
79 B Beau
68%
478 B Bo
68%
213 E Edward
67%
28 J Jackson
66%
86 J Jaxon
66%
138 J Jaxson
66%
61 K Kai
66%
221 R Richard
66%
20 S Samuel
66%
1 L Liam
65%
171 Z Zachary
65%
80 E Eli
64%
18 L Leo
64%
168 A Alan
63%
317 B Brian
63%
305 B Bryan
63%
467 J Johnathan
63%
82 J Jonathan
63%
31 L Luke
63%
109 N Nicholas
63%
193 N Nicolas
63%
2 N Noah
63%
36 J Jacob
62%
147 J Jason
62%
24 L Luca
62%
498 L Lucca
62%
95 L Luka
62%
59 N Nathan
62%
186 K Kevin
61%
469 L Lewis
60%
237 L Louis
60%
134 L Luis
60%
211 T Timothy
60%
227 E Eric
59%
302 E Erick
59%
455 E Erik
59%
382 J Jay
59%
9 L Lucas
59%
238 L Lukas
59%
60 J Joshua
58%
148 L Leon
58%
471 A Adan
57%
300 A Aidan
57%
40 A Aiden
57%
190 A Ayden
57%
77 C Christian
57%
325 C Cristian
57%
83 R Ryan
57%
370 E Eithan
56%
25 E Ethan
56%
239 J Javier
56%
499 P Philip
56%
105 X Xavier
56%
443 A Alijah
55%
219 B Brandon
55%
5 E Elijah
55%
458 F Francis
55%
175 C Charlie
54%
216 O Oscar
54%
224 P Patrick
54%
42 I Isaac
53%
98 J Jordan
53%
185 J Justin
53%
416 K Kyle
53%
475 M Marcos
53%
249 M Marcus
53%
245 J Jeremy
52%
426 S Sean
52%
218 A Abraham
51%
272 M Muhammad
51%
177 T Tyler
51%
128 A Arthur
50%
78 T Theo
50%
217 V Victor
50%
137 E Evan
49%
70 I Ian
49%
163 M Max
49%
500 A Andy
48%
359 B Bradley
48%
485 J Jeffrey
48%
289 M Martin
48%
19 O Owen
48%
407 J Jake
47%
248 S Simon
47%
34 D Dylan
46%
352 J Jaden
46%
49 J Jayden
46%
141 J Juan
46%
30 M Mason
46%
271 D Derek
45%
38 G Gabriel
45%
139 C Carlos
44%
33 J Julian
44%
143 N Nathaniel
44%
7 T Theodore
44%
262 K Kenneth
43%
120 V Vincent
43%
101 A Austin
42%
279 C Cade
42%
58 C Cameron
42%
48 C Carter
42%
334 C Colin
42%
486 C Collin
42%
119 H Harrison
42%
153 I Ivan
42%
350 K Kade
42%
393 K Kameron
42%
225 K Karter
42%
126 C Connor
41%
84 L Leonardo
41%
39 L Logan
41%
155 C Cole
40%
92 J Jeremiah
40%
172 J Jesus
40%
267 W Walter
40%
452 Q Quinn
39%
179 A Antonio
38%
198 C Caden
38%
495 C Caiden
38%
326 C Cayden
38%
282 K Kaden
38%
170 K Kaiden
38%
114 K Kayden
38%
277 Z Zane
38%
246 Z Zayn
38%
433 Z Zayne
38%
220 A Abel
37%
67 A Adrian
37%
309 A Ali
37%
108 D Damian
37%
330 D Damien
37%
178 E Elliot
37%
167 E Elliott
37%
115 H Hunter
37%
240 N Nico
37%
319 N Niko
37%
13 S Sebastian
37%
159 D Dean
36%
436 J Johnny
36%
6 M Mateo
36%
144 M Matteo
36%
156 A Ashton
35%
52 C Cooper
35%
124 J Jonah
35%
91 P Parker
35%
51 C Caleb
34%
152 C Calvin
34%
188 F Finn
34%
56 I Isaiah
34%
274 K Kaleb
34%
43 M Miles
34%
106 M Myles
34%
360 R Raymond
34%
23 A Asher
33%
410 F Franklin
33%
44 G Grayson
33%
117 G Greyson
33%
287 J Jax
33%
161 J Jude
33%
200 A Andres
32%
111 C Carson
32%
35 E Elias
32%
212 J Joel
32%
337 K Karson
32%
12 L Levi
32%
263 O Omar
32%
419 P Pedro
32%
215 X Xander
32%
355 Z Zander
32%
154 C Chase
31%
140 G Graham
31%
228 G Grant
31%
160 B Brayden
30%
306 C Cody
30%
264 C Colt
30%
15 E Ezra
30%
203 J Jesse
30%
381 M Marco
30%
223 R Riley
30%
66 R Roman
30%
347 A Archie
29%
72 A Axel
29%
255 B Blake
29%
273 E Ellis
29%
50 E Ezekiel
29%
336 E Ezequiel
29%
379 T Travis
29%
201 A Alejandro
28%
63 A Angel
28%
104 A August
28%
241 A Avery
28%
461 D Devin
28%
107 D Dominic
28%
342 J Jared
28%
276 J Jorge
28%
97 L Landon
28%
183 M Maxwell
28%
258 B Bryce
27%
385 E Edwin
27%
192 F Felix
27%
482 G Garrett
27%
231 G Gavin
27%
162 H Hayden
27%
266 K King
27%
404 M Mario
27%
194 M Miguel
27%
451 N Noel
27%
304 W Warren
27%
47 W Wyatt
27%
94 C Colton
26%
400 J Julius
26%
377 P Pablo
26%
372 R Ricardo
26%
76 R Rowan
26%
490 R Rowen
26%
69 W Wesley
26%
332 A Anderson
25%
222 C Callum
25%
435 E Edgar
25%
118 E Emmett
25%
295 F Francisco
25%
103 J Jameson
25%
459 K Kayce
25%
64 L Lincoln
25%
57 N Nolan
25%
344 A Ari
24%
424 D Damon
24%
135 D Diego
24%
285 F Finley
24%
110 J Jace
24%
166 J Jayce
24%
53 J Josiah
24%
121 M Milo
24%
472 A Alexis
23%
74 B Bennett
23%
484 E Emanuel
23%
173 E Emmanuel
23%
415 H Hugo
23%
399 K Kane
23%
331 M Manuel
23%
275 P Preston
23%
364 P Prince
23%
232 R Rafael
23%
453 R Raphael
23%
391 R Russell
23%
253 T Tristan
23%
75 W Weston
23%
204 B Brody
22%
356 E Eduardo
22%
88 E Everett
22%
343 F Fernando
22%
327 H Harvey
22%
280 T Tobias
22%
462 T Troy
22%
299 A Angelo
21%
130 A Archer
21%
323 B Brady
21%
437 C Clark
21%
312 C Clayton
21%
252 D Dallas
21%
176 J Judah
21%
307 L Leonel
21%
494 L Lionel
21%
371 M Mathias
21%
164 M Matias
21%
483 M Matthias
21%
87 M Micah
21%
281 O Otto
21%
116 R River
21%
444 S Solomon
21%
157 A Ace
20%
316 C Casey
20%
268 E Emerson
20%
180 E Emilio
20%
442 H Hank
20%
229 I Israel
20%
122 J Jasper
20%
389 M Marshall
20%
449 R Reece
20%
353 R Rhys
20%
242 R Rory
20%
129 R Ryder
20%
362 S Spencer
20%
125 Z Zion
20%
288 C Cash
19%
149 D Dawson
19%
132 D Declan
19%
123 G Giovanni
19%
261 K Kash
19%
37 M Maverick
19%
480 R Ruben
19%
127 S Sawyer
19%
158 A Arlo
18%
169 B Braxton
18%
150 B Bryson
18%
181 C Camden
18%
21 H Hudson
18%
431 J Jalen
18%
270 J Jaylen
18%
206 J Jett
18%
292 M Malcolm
18%
320 M Maximus
18%
394 T Tyson
18%
85 W Walker
18%
99 A Amir
17%
378 C Chance
17%
96 E Easton
17%
366 K Killian
17%
346 K Kylian
17%
293 R Romeo
17%
81 S Silas
17%
463 S Sylas
17%
430 T Tanner
17%
341 W Wade
17%
398 W Winston
17%
488 A Augustus
16%
73 B Brooks
16%
314 D Dante
16%
466 D Donovan
16%
90 E Enzo
16%
441 E Esteban
16%
322 K Kyler
16%
131 L Lorenzo
16%
257 P Paxton
16%
390 R Remy
16%
45 S Santiago
16%
205 T Tucker
16%
284 A Atticus
15%
207 B Barrett
15%
189 B Bentley
15%
260 C Crew
15%
244 I Ismael
15%
195 M Maddox
15%
146 M Malachi
15%
226 M Malakai
15%
373 O Orion
15%
269 P Phoenix
15%
290 R Ronan
15%
474 R Ronin
15%
297 C Cyrus
14%
329 D Dakota
14%
401 D Desmond
14%
464 F Fabian
14%
427 F Forrest
14%
384 H Hector
14%
301 J Jensen
14%
278 K Kayson
14%
479 K Kendrick
14%
476 K Kieran
14%
142 K Kingston
14%
361 O Odin
14%
429 R Reed
14%
315 R Reid
14%
184 R Ryker
14%
376 R Rylan
14%
406 S Sergio
14%
191 Z Zayden
14%
196 B Beckett
13%
338 C Callan
13%
448 C Callen
13%
454 C Corbin
13%
438 E Eden
13%
418 K Kobe
13%
254 L Lane
13%
197 T Tate
13%
62 W Waylon
13%
151 A Amari
12%
112 A Atlas
12%
199 B Beckham
12%
368 C Cesar
12%
328 C Cruz
12%
133 E Emiliano
12%
492 F Finnegan
12%
395 G Grady
12%
214 G Griffin
12%
439 G Gunner
12%
487 L Lucian
12%
71 T Thiago
12%
174 A Adonis
11%
432 A Apollo
11%
296 B Bodhi
11%
387 B Bodie
11%
247 C Cohen
11%
318 G Gideon
11%
286 H Holden
11%
411 I Ibrahim
11%
294 J Josue
11%
380 K Kohen
11%
414 L Lawson
11%
265 L Lennox
11%
259 N Nash
11%
396 O Oakley
11%
283 R Remington
11%
165 R Rhett
11%
496 R Rodrigo
11%
358 S Sullivan
11%
397 B Baker
10%
100 G Gael
10%
209 H Hayes
10%
303 H Hendrix
10%
335 J Joaquin
10%
428 K Kian
10%
291 M Maximiliano
10%
354 S Sonny
10%
374 T Titus
10%
491 Y Yusuf
10%
113 A Adriel
9%
365 B Brantley
9%
321 C Colter
9%
351 D Daxton
9%
235 E Elian
9%
208 K Knox
9%
405 K Kylo
9%
236 K Kyrie
9%
383 M Malik
9%
434 N Nehemiah
9%
402 R Royal
9%
422 S Sage
9%
403 S Sterling
9%
233 T Tatum
9%
386 A Armani
8%
333 C Cairo
8%
345 C Colson
8%
450 G Gianni
8%
234 K Kairo
8%
145 L Legend
8%
187 M Messiah
8%
447 R Royce
8%
357 I Iker
7%
417 K Kyson
7%
230 M Milan
7%
308 O Onyx
7%
423 R Raiden
7%
497 U Uriel
7%
412 A Ares
6%
348 B Banks
6%
349 B Bowen
6%
375 L Luciano
6%
313 S Saint
6%
182 S Stetson
6%
243 A Aziel
5%
392 B Baylor
5%
460 C Callahan
5%
440 I Isaias
5%
408 K Kashton
5%
298 K Koa
5%
477 L Leonidas
5%
409 S Shepherd
5%
388 S Shiloh
5%
445 W Wells
5%
421 W Wilder
5%
465 Z Zaire
5%
324 Z Zyaire
5%
339 B Briggs
4%
481 C Camilo
4%
367 K Kamari
4%
340 K Khalil
4%
413 K Koda
4%
489 M Memphis
4%
425 N Nasir
4%
420 S Santino
4%
446 S Sutton
4%
456 T Tripp
4%
457 A Atreus
3%
369 D Dariel
3%
311 J Jaziel
3%
470 M Moshe
3%
473 T Tadeo
3%
493 M Makai
2%
No matching quizzes found
Score Distribution
Percent of People with Each Score
Percentile by Number Answered
Your Score History
You have not taken this quiz